Score 0/12 Timer 01:30
0 Plays Today
% Correct
Et tu, Brute?
95.5%
Ex nihilo nihil fit
91.8%
Ergo
89.8%
Ecce homo
88.3%
Et cetera
87.5%
E pluribus unum
87.3%
Emeritus
79.2%
Excelsior
75.9%
Exempli gratia
75.6%
Et uxor
74.1%
Erga omnes
68.4%
Ex cathedra
67.3%

Today's Daily Dose

Remove Ads.
Support Sporcle.
Get the best of Sporcle when you Go Orange. This ad-free experience offers more features, more stats, and more fun while also helping to support Sporcle. Thank you for becoming a member.

You're not logged in!

Compare scores with friends on all Sporcle quizzes.
OR
Log In

Show Comments

Extras

Top Quizzes Today


Score Distribution

Your Account Isn't Verified!

In order to create a playlist on Sporcle, you need to verify the email address you used during registration. Go to your Sporcle Settings to finish the process.

Report this User

Report this user for behavior that violates our Community Guidelines.

Details: